00919nam a2200241 a 450000100100000000500170001000800410002704000250006808200180009310000380011124501180014926000360026730000210030349000260032450400320035059000260038265000290040870000350043783000350047291000370050795201160054499900170066000003429320240229074004.0110930s1974 dr 000 0 spa d aDO-SdBNPbspacBNPHU a791.43bS127t1 a Sáez , José Luisd1937-962010aTeoría del cine :b(apuntes sobre el arte de nuestro tiempo) /cJosé Luís Sáez ; prólogo Erwin R. Cott. aSanto Domingo :bTaller,c1974. a250 p. ;c20 cm.1 aBiblioteca Tallerv39 aBibliografía : p. 235-250 aInventariado, 2018/LP 4aCine (estética)95972512aCott, Erwin R.epról.959726 0aBiblioteca Taller ;n39959727 aValidado. Control de calidad MFF 0010718PDaPDbPDcHDd2011-09-30iLF1l0o791.43 S127tp34293-10r2020-06-25w2020-06-25yLFPDZNo se presta c33784d33784